Confederación Española de Familias de Personas Sordas

Biblioteca

Vista normal Vista MARC
  • AMADIS

Entrada Nombre congreso

Número de registros utilizados en: 1

001 - NÚMERO DE CONTROL

  • campo de control: 2193

003 - IDENTIFICADOR DEL NÚMERO DE CONTROL

  • campo de control: ES-MaFIAP

005 - FECHA Y HORA DE LA ÚLTIMA TRANSACCIÓN

  • campo de control: 20231218101602.0

008 - DATOS DE LONGITUD FIJA

  • campo de control de longitud fija: 231218|| aca||aabn | a|a d

040 ## - FUENTE DE LA CATALOGACIÓN

  • Centro catalogador/agencia de origen: ES-MaFIAP
  • Centro/agencia transcriptor: ES-MaFIAP

111 ## - ENCABEZAMIENTO--NOMBRE DE CONGRESO/REUNIÓN

  • Nombre de congreso/reunión o jurisdicción como elemento de entrada: AMADIS
  • Fecha del congreso o de la firma del tratado: 2008
  • Sede del congreso/Lugar de la reunión: Barcelona

670 ## - FUENTE DE DATOS ENCONTRADOS

  • Cita de la fuente: Work cat.: (ES-MaFIAP)845: AMADIS 2008 Barcelona, Accesibilidad a los medios audiovisuales para personas con discapacidad , D.L. 2009

Esta web es posible gracias a:

Ministerio de Asuntos Sociales y Agenda 2030 Ministerio de Asuntos Sociales y Agenda 2030 Fundación ONCE

© FIAPAS 2015 | Servicio Telesor Aviso Legal y Política de Privacidad | Política de cookies | Acerca de FIAPAS
Confederación Española de Familias de Personas Sordas - C/ Pantoja, 5 (Local) – 28002 Madrid – / Tel: 91 576 51 49 – Fax: 91 576 57 46

Con tecnología Koha